| 000 | 01049nam a2200229Ii 4500 | ||
|---|---|---|---|
| 003 | JO-AjNU | ||
| 008 | 230605s9999||||xx |||||||||||||| ||und|| | ||
| 017 | _a2018/9/4572 | ||
| 020 | _a978- 9923- 15- 024- 5 | ||
| 040 |
_aJO-AjNU _bara _erda _cJO-AjNU |
||
| 041 | _aara | ||
| 050 | 1 | 4 | _aKMM158.74 2020 |
| 100 | 3 |
_aبكليزي، وليد خالد, _eauthor _959230 |
|
| 245 | 0 | 0 | _aأسباب نقض الأحكام القضائية لدى المحاكم الشرعية: دراسة على محكمة الاسنئناف الشرعية |
| 250 | _aط1 | ||
| 264 | 3 | 1 | _aعمان: الدار العلمية الدولية للنشر والتوزيع؛ دار الثقافة للنشر والتوزيع، 2020 |
| 300 |
_a360ص _bيحنوي على مصادر مرجعية من ص340- 358 ، يحتوي على مجموعة الرسائل الجامعية |
||
| 336 |
_atext _btxt _2rdacontent |
||
| 337 |
_aunmediated _bn _2rdamedia |
||
| 338 |
_avolume _bnc _2rdacarrier |
||
| 650 | 4 |
_aقوانين وتشريعات- احكام قضائية _959231 |
|
| 999 |
_aA26643 _c30211 _d30211 |
||